000 00563nam a2200181Ia 4500
008 240729s9999 xx 000 0 und d
022 _a2233-7830
245 0 _aImaging Science in Dentistry
260 _aKorea, Republic of
260 _bKorean Academy of Oral and Maxillofacial Radiology
650 _a Dentistry | Medicine
650 _a Medical physics. Medical radiology. Nuclear medicine
650 _a Medicine (General)
650 _aMedicine
856 _uhttps://doaj.org/toc/e16827f8ef9e499397dd20998aea6093
942 _2ddc
942 _cDOAJEJ
999 _c66220
_d66220
945 _a1
_bMadushi Gamage
_c1
_dMadushi Gamage